Diálogo Sudamericano: Otra integración es posible
Guardat en:
| Autor principal: | |
|---|---|
| Format: | Llibre |
| Idioma: | espanyol |
| Publicat: |
Lima
PCS
2006
|
| Matèries: | |
| Etiquetes: |
Afegir etiqueta
Sense etiquetes, Sigues el primer a etiquetar aquest registre!
|
MARC
| LEADER | 00000nam a2200000 a 4500 | ||
|---|---|---|---|
| 001 | UCG5628 | ||
| 003 | CL-VaPUC | ||
| 008 | 110310e20060000PE |||||||||||||||||spa|d | ||
| 020 | |a 9972989623 | ||
| 082 | 0 | 4 | |a 303.482 |b DEL |2 21 |
| 100 | 0 | |a Dello Buono, R. A |e author |9 555304 | |
| 245 | 1 | 0 | |a Diálogo Sudamericano: Otra integración es posible |
| 300 | |a 310 p | ||
| 942 | |c BK | ||
| 945 | |d 20110310 00:00:00 |a jcampos | ||
| 260 | |a Lima |b PCS |c 2006 | ||
| 600 | 0 | 7 | |a AHARONIAN, ARAM |2 CL-VaPUC |9 555305 |
| 600 | 0 | 7 | |a BARRA, XIMENA DE LA |2 CL-VaPUC |9 555306 |
| 600 | 0 | 7 | |a MUNERA, LEOPOLDO |2 CL-VaPUC |9 555307 |
| 600 | 0 | 7 | |a RODAS, GERMAN |2 CL-VaPUC |9 555308 |
| 600 | 0 | 7 | |a ROJAS, JORGE |2 CL-VaPUC |9 555309 |
| 600 | 0 | 7 | |a RUIZ CARO, ARIELA |2 CL-VaPUC |9 555310 |
| 600 | 0 | 7 | |a SERBIN, ANDRES |2 CL-VaPUC |9 555311 |
| 600 | 0 | 7 | |a SILVA, ESTEBAN |2 CL-VaPUC |9 555312 |
| 600 | 0 | 7 | |a CARCAMO, LUCIANO |2 CL-VaPUC |9 555313 |
| 600 | 0 | 7 | |a YEP, MARIO |2 CL-VaPUC |9 555314 |
| 650 | 0 | |a Relaciones Internacionales |9 255740 | |
| 650 | 0 | |a Integración latinoamericana |9 307692 | |
| 651 | 0 | |a América Latina |9 255027 | |
| 583 | |a last modification |c 20110310 00:00:00 |k Rodrigo Vera | ||
| 999 | |c 344031 |d 344029 | ||